000 00657nam a2200229 a 4500
008
049 _aMAIN
050 0 0 _aZ1001
_bCHA
100 1 _aChakraborti, Mukunda Lal.
245 1 0 _aBibliography in theory and practice /
_c[by] M.L. Chakraborti.
260 _aCalcutta :
_bWorld Press,
_c1971.
300 _a 581 p. ;
_c22 cm.
504 _aIncludes bibliographical references.
500 _aIncludes index.
650 _aHistory and theory of writing.
650 0 _aBibliography.
907 _a.b10219390
_b08-04-13
_c10-11-06
003
005 20230123134303.0
040 _cNUST
942 _cBOOKS
999 _c163279
_d163279